[Event "Masfjorden Grand Prix"]
[Site "Sandnes"]
[Date "2019.02.16"]
[Round "2"]
[White "Nass, Shjalg Ole"]
[Black "Markhus, Carl Erik"]
[Result "1-0"]
[WhiteElo "1618"]
[BlackElo "1375"]
[PlyCount "113"]
[EventDate "2019.02.15"]
[EventType "swiss"]
[EventRounds "5"]
[EventCountry "NOR"]
[SourceTitle "EXT 2024"]
[Source "ChessBase"]
[SourceDate "2023.10.10"]
[SourceVersion "1"]
[SourceVersionDate "2023.10.10"]
[SourceQuality "1"]

1. e4 e5 2. Nf3 Nf6 3. Nxe5 d6 4. Nf3 Nxe4 5. d4 d5 6. Nbd2 Bg4 7. Be2 Bd6 8. c3 Nd7 9. h3 Bf5 10. 0-0 Qe7 11. Nxe4 dxe4 12. Nd2 h5 13. Nc4 g5 14. Nxd6+ Qxd6 15. Bxg5 Qg6 16. h4 f6 17. Bf4 0-0-0 18. g3 Ne5 19. Bxe5 fxe5 20. d5 Qf7 21. c4 Bh3 22. Re1 Rdf8 23. Kh2 Bd7 24. Rf1 Qf5 25. Qc2 Qh3+ 26. Kg1 Rf4 27. Bd1 Rxh4 28. f3 Qh1+ 29. Kf2 Qh2+ 30. Ke1 Qxg3+ 31. Qf2 Qxf2+ 32. Rxf2 e3 33. Rc2 Rh1+ 34. Ke2 h4 35. Rcc1 h3 36. Bb3 Rxc1 37. Rxc1 h2 38. Rh1 Rh3 39. Bc2 Kd8 40. Kxe3 Bg4 41. Be4 Ke7 42. Kf2 Bd7 43. Kg2 Kd6 44. b4 Rh5 45. Rxh2 Rg5+ 46. Kf2 c6 47. Rh6+ Kc7 48. dxc6 bxc6 49. a4 a6 50. Rh7 Rg8 51. Bf5 Rd8 52. Ke3 Kc8 53. Rxd7 Rxd7 54. Ke4 Kc7 55. Bxd7 Kxd7 56. Kxe5 Ke7 57. f4 1-0

[Event "Bergen Grand Prix B"]
[Site "Bergen"]
[Date "2018.11.24"]
[Round "2"]
[White "Sorhus, Jostein"]
[Black "Nass, Shjalg Ole"]
[Result "1-0"]
[WhiteElo "1617"]
[BlackElo "1538"]
[PlyCount "49"]
[EventDate "2018.11.23"]
[EventType "swiss"]
[EventRounds "5"]
[EventCountry "NOR"]
[SourceTitle "EXT 2024"]
[Source "ChessBase"]
[SourceDate "2023.10.10"]
[SourceVersion "1"]
[SourceVersionDate "2023.10.10"]
[SourceQuality "1"]

1. c4 Nf6 2. Nf3 e6 3. g3 Be7 4. Nc3 d5 5. cxd5 Nxd5 6. Bg2 Nxc3 7. bxc3 Nd7 8. 0-0 Nb6 9. d3 0-0 10. a4 a5 11. Qc2 Bf6 12. d4 Re8 13. Ne5 Bxe5 14. dxe5 c6 15. Rd1 Qc7 16. Qe4 Rd8 17. Ba3 Nd5 18. Qh4 Bd7 19. Bd6 Qc8 20. Be4 h6 21. Rd3 b5 22. Rf3 Re8 23. Rxf7 Nxc3 24. Qg4 g5 25. Qh5 1-0

[Event "Sotra U14"]
[Site "Sotra"]
[Date "2018.09.02"]
[Round "5"]
[White "Nass, Shjalg Ole"]
[Black "Jonsterhaug, Andreas Virkesdal"]
[Result "1/2-1/2"]
[WhiteElo "1561"]
[BlackElo "1371"]
[PlyCount "103"]
[EventDate "2018.08.31"]
[EventType "tourn"]
[EventRounds "5"]
[EventCountry "NOR"]
[SourceTitle "EXT 2024"]
[Source "ChessBase"]
[SourceDate "2023.10.10"]
[SourceVersion "1"]
[SourceVersionDate "2023.10.10"]
[SourceQuality "1"]

1. e4 e5 2. Nf3 Nc6 3. Bc4 Bc5 4. c3 d6 5. d4 exd4 6. cxd4 Bb4+ 7. Bd2 Bxd2+ 8. Nbxd2 Nf6 9. 0-0 0-0 10. Re1 Bg4 11. Qc2 Re8 12. Bb5 Bd7 13. Bxc6 Bxc6 14. Rac1 Rc8 15. d5 Bb5 16. Nd4 Qd7 17. Qb3 Ba6 18. f3 c6 19. dxc6 bxc6 20. Qa4 Bb5 21. Nxb5 cxb5 22. Qb4 Rc6 23. Rc3 Rxc3 24. Qxc3 Rc8 25. Qb4 Qc6 26. Nb3 Qb6+ 27. Qd4 Qxd4+ 28. Nxd4 a6 29. Rd1 Kf8 30. Rd2 g6 31. Kf2 Ke7 32. Ne2 Rc5 33. Nf4 Kd7 34. Nd3 Rc7 35. Nb4 a5 36. Nd3 Ke7 37. Ke3 Ke6 38. Ne1 Nd7 39. Rc2 Rxc2 40. Nxc2 d5 41. Nd4+ Ke5 42. Nc6+ Kd6 43. exd5 Kxd5 44. Nxa5 Nc5 45. b4 Ne6 46. g3 Nd4 47. Nb7 Nc2+ 48. Kf4 Nxb4 49. Kg5 Ke6 50. a4 bxa4 51. Nc5+ Ke7 52. Nxa4 1/2-1/2

[Event "Sotra U14"]
[Site "Sotra"]
[Date "2018.09.01"]
[Round "2"]
[White "Nass, Shjalg Ole"]
[Black "Hoyforsslett, Gard Rye"]
[Result "1/2-1/2"]
[WhiteElo "1561"]
[BlackElo "1446"]
[PlyCount "78"]
[EventDate "2018.08.31"]
[EventType "tourn"]
[EventRounds "5"]
[EventCountry "NOR"]
[SourceTitle "EXT 2024"]
[Source "ChessBase"]
[SourceDate "2023.10.10"]
[SourceVersion "1"]
[SourceVersionDate "2023.10.10"]
[SourceQuality "1"]

1. e4 c5 2. c3 Nc6 3. d4 cxd4 4. cxd4 d5 5. e5 e6 6. Nf3 Bd7 7. Be2 Rc8 8. 0-0 Bb4 9. Bd2 Nge7 10. Qb3 Qb6 11. a3 Ba5 12. Qxb6 Bxb6 13. Bc3 0-0 14. Nbd2 Nf5 15. Nb3 a5 16. Bd3 a4 17. Bxf5 exf5 18. Nc1 f6 19. exf6 Rxf6 20. Nd3 Re6 21. Nde5 Nxe5 22. Nxe5 Bb5 23. Rfe1 Rce8 24. Nf3 Bc4 25. Rxe6 Rxe6 26. Ne5 Bb5 27. Re1 Bc7 28. f4 Bxe5 29. Rxe5 Rxe5 30. dxe5 Kf7 31. Kf2 h6 32. h4 h5 33. Ke3 b6 34. Bd4 Bc4 35. Bxb6 Bb3 36. Kd4 Ke6 37. Kc5 Kd7 38. Ba7 Bc4 39. Bb8 g6 1/2-1/2

[Event "Liljevatnet BGP U14"]
[Site "Liljevatnet"]
[Date "2016.09.25"]
[Round "5"]
[White "Nass, Shjalg Ole"]
[Black "Jonsterhaug, Andreas Virkesdal"]
[Result "0-1"]
[WhiteElo "836"]
[BlackElo "804"]
[PlyCount "90"]
[EventDate "2016.09.23"]
[EventType "swiss"]
[EventRounds "5"]
[EventCountry "NOR"]
[SourceTitle "EXT 2024"]
[Source "ChessBase"]
[SourceDate "2023.10.10"]
[SourceVersion "1"]
[SourceVersionDate "2023.10.10"]
[SourceQuality "1"]

1. e4 e5 2. Nf3 Nc6 3. Bb5 d6 4. d4 a6 5. Bxc6+ bxc6 6. dxe5 Qe7 7. Qd4 f6 8. exd6 cxd6 9. 0-0 Be6 10. Bf4 Qc7 11. Rd1 Rd8 12. Na3 Qb7 13. b3 Be7 14. Nc4 d5 15. exd5 Bxd5 16. Qb6 Qc8 17. Qc7 Qf5 18. Ne3 Qe6 19. Nxd5 cxd5 20. Nd4 Qc8 21. Qc6+ Qxc6 22. Nxc6 Rc8 23. Nxe7 Nxe7 24. Re1 Kf7 25. Re2 Rc6 26. Rae1 Ng6 27. Bd2 Rxc2 28. Bb4 Rxe2 29. Rxe2 Rc8 30. g3 Rc1+ 31. Kg2 Rc6 32. Rd2 Rb6 33. Ba3 Rb5 34. Bb2 Ne7 35. Kf3 g5 36. Kg4 Kg6 37. Re2 h5+ 38. Kf3 g4+ 39. Kg2 Nf5 40. Re6 d4 41. Rxa6 Rc5 42. Ra4 d3 43. Kf1 Rc2 44. Bd4 Rc1+ 45. Kg2 d2 0-1

[Event "Liljevatnet BGP U14"]
[Site "Liljevatnet"]
[Date "2016.09.24"]
[Round "2"]
[White "Birnie, Scott"]
[Black "Nass, Shjalg Ole"]
[Result "1-0"]
[WhiteElo "934"]
[BlackElo "836"]
[PlyCount "85"]
[EventDate "2016.09.23"]
[EventType "swiss"]
[EventRounds "5"]
[EventCountry "NOR"]
[SourceTitle "EXT 2024"]
[Source "ChessBase"]
[SourceDate "2023.10.10"]
[SourceVersion "1"]
[SourceVersionDate "2023.10.10"]
[SourceQuality "1"]

1. d4 Nf6 2. Bf4 d5 3. Nf3 e6 4. e3 Bd6 5. Bg5 0-0 6. c4 h6 7. Bh4 Bb4+ 8. Nc3 c5 9. dxc5 Bxc5 10. cxd5 exd5 11. Bxf6 Qxf6 12. Nxd5 Qd8 13. Nc3 Bb4 14. Qxd8 Rxd8 15. Rc1 Be6 16. a3 Bxc3+ 17. Rxc3 Rc8 18. Rxc8+ Bxc8 19. Bc4 Nc6 20. 0-0 Bg4 21. Bd5 Rd8 22. Bxc6 bxc6 23. Ne5 Be2 24. Nxc6 Rd2 25. Rb1 Bd3 26. Ra1 Rxb2 27. Nxa7 Bc4 28. Nc6 Ba2 29. Nb4 Rb1+ 30. Rxb1 Bxb1 31. a4 Be4 32. f3 Bb7 33. a5 Kf8 34. a6 Bxa6 35. Nxa6 Ke7 36. Kf2 Kf6 37. g4 Kg5 38. Kg3 f5 39. h4+ Kg6 40. Nc5 fxg4 41. Kxg4 h5+ 42. Kf4 Kf6 43. e4 1-0

[Event "Liljevatnet BGP U14"]
[Site "Liljevatnet"]
[Date "2016.09.24"]
[Round "3"]
[White "Nass, Shjalg Ole"]
[Black "Hina, Ariza"]
[Result "0-1"]
[WhiteElo "836"]
[BlackElo "1197"]
[PlyCount "120"]
[EventDate "2016.09.23"]
[EventType "swiss"]
[EventRounds "5"]
[EventCountry "NOR"]
[SourceTitle "EXT 2024"]
[Source "ChessBase"]
[SourceDate "2023.10.10"]
[SourceVersion "1"]
[SourceVersionDate "2023.10.10"]
[SourceQuality "1"]

1. e4 e5 2. Nf3 Nc6 3. Bc4 Nf6 4. Nc3 Bc5 5. 0-0 d6 6. h3 Be6 7. Bb3 0-0 8. d3 Nd4 9. Bg5 h6 10. Bh4 c6 11. Na4 Bb6 12. Nxb6 axb6 13. Nxd4 exd4 14. Qf3 Qe7 15. Bxf6 Qxf6 16. Qxf6 gxf6 17. f4 Kh7 18. f5 Bxb3 19. axb3 Rg8 20. Ra3 Rxa3 21. bxa3 h5 22. Kh2 Kh6 23. h4 Rg4 24. g3 Kg7 25. b4 Kf8 26. a4 Ke8 27. a5 bxa5 28. bxa5 Kd8 29. Rb1 Kc7 30. Rb4 c5 31. Ra4 Rg7 32. a6 bxa6 33. Rxa6 Kd7 34. Ra7+ Kc6 35. Ra8 Rh7 36. Kh3 Kb7 37. Rg8 Kb6 38. g4 hxg4+ 39. Kxg4 Kb5 40. Rb8+ Kc6 41. Rg8 Kb5 42. Rd8 Kc6 43. Rf8 Kb5 44. h5 Kb4 45. Rd8 Kc3 46. Rxd6 Kxc2 47. Rxf6 Kxd3 48. e5 c4 49. e6 fxe6 50. fxe6 Re7 51. h6 c3 52. Rf3+ Ke2 53. Rf7 Rxe6 54. h7 Rh6 55. Kg5 Rxh7 56. Rxh7 c2 57. Rh2+ Kd3 58. Rh3+ Kc4 59. Rh1 d3 60. Rc1 Kc3 0-1

[Event "Hordaland-ch NGP"]
[Site "Bergen"]
[Date "2016.05.28"]
[Round "2"]
[White "Nass, Shjalg Ole"]
[Black "Bogevag, Roy Andre B"]
[Result "1-0"]
[WhiteElo "762"]
[BlackElo "544"]
[PlyCount "105"]
[EventDate "2016.05.27"]
[EventType "swiss"]
[EventRounds "5"]
[EventCountry "NOR"]
[SourceTitle "EXT 2024"]
[Source "ChessBase"]
[SourceDate "2023.10.10"]
[SourceVersion "1"]
[SourceVersionDate "2023.10.10"]
[SourceQuality "1"]

1. Nf3 Nc6 2. e4 e5 3. Bb5 d6 4. d4 exd4 5. Nxd4 Nf6 6. Nxc6 bxc6 7. Bxc6+ Bd7 8. Bxa8 Qxa8 9. Nc3 Be7 10. 0-0 0-0 11. Bg5 Qb7 12. Rb1 Bg4 13. Qd2 Be6 14. f4 Qb6+ 15. Qf2 c5 16. Bxf6 Bxf6 17. f5 Bd7 18. Nd5 Qa6 19. Nxf6+ gxf6 20. Qg3+ Kh8 21. a3 Rg8 22. Qc3 Qe2 23. Qxf6+ Rg7 24. Rf2 Qxe4 25. Qd8+ Be8 26. Qxd6 h5 27. Qf4 Qc6 28. Qf3 f6 29. Qxc6 Bxc6 30. Rd1 Kh7 31. Rd6 Be4 32. Rxf6 Rd7 33. Re2 Rd1+ 34. Kf2 Rd4 35. Rf7+ Kg8 36. Rxa7 Kf8 37. c3 Rd8 38. Rxe4 Rd2+ 39. Re2 Rd5 40. Ke3 Re5+ 41. Kd3 Rd5+ 42. Kc4 Rxf5 43. Ree7 Kg8 44. Re8+ Rf8 45. Rxf8+ Kxf8 46. b4 cxb4 47. axb4 Ke8 48. Kd5 Kd8 49. Kc6 Ke8 50. Kd6 Kf8 51. Ke6 Kg8 52. Kf6 Kh8 53. Kg6 1-0